[Event "VIE-ch U13"]
[Site "Hanoi"]
[Date "2022.06.15"]
[Round "6"]
[White "Ho, Dang Nhat Minh"]
[Black "Phan, Nguyen Thai Bao"]
[Result "0-1"]
[WhiteElo "2343"]
[BlackElo "2374"]
[PlyCount "74"]
[EventDate "2022.06.11"]
[EventType "swiss"]
[EventRounds "9"]
[EventCountry "VIE"]
[SourceTitle "EXT 2023"]
[Source "ChessBase"]
[SourceDate "2022.10.05"]
[SourceVersion "1"]
[SourceVersionDate "2022.10.05"]
[SourceQuality "1"]

1. d4 d5 2. e3 Bf5 3. Bd3 Bg6 4. f4 e6 5. Nf3 Nf6 6. 0-0 Bd6 7. Ne5 Nbd7 8. Nc3 c5 9. Bxg6 hxg6 10. Qf3 Qb6 11. Ne2 cxd4 12. Nxd7 Nxd7 13. exd4 Nf6 14. c3 Qc7 15. h3 0-0 16. Be3 Be7 17. g4 Ne4 18. Ng3 Nxg3 19. Qxg3 g5 20. Qf3 gxf4 21. Bxf4 Bd6 22. Bxd6 Qxd6 23. Qf4 Qxf4 24. Rxf4 Rae8 25. Re1 f6 26. Kf2 Kf7 27. Rf3 Ke7 28. Rfe3 Kd6 29. Kg3 b5 30. a3 a5 31. h4 Rf7 32. g5 e5 33. g6 Rfe7 34. Kg4 e4 35. Rf1 Ke6 36. Rf5 Rh8 37. h5 Rb7 0-1

[Event "Eastern Asia-ch U12"]
[Site "Tornelo INT"]
[Date "2021.10.30"]
[Round "5"]
[White "Phan, Nguyen Thai Bao"]
[Black "Chia, Min Zachary"]
[Result "1-0"]
[WhiteElo "1291"]
[BlackElo "1058"]
[PlyCount "131"]
[EventDate "2021.10.29"]
[EventType "swiss"]
[EventRounds "9"]
[EventCountry "NET"]
[SourceTitle "EXT 2023"]
[Source "ChessBase"]
[SourceDate "2022.10.05"]
[SourceVersion "1"]
[SourceVersionDate "2022.10.05"]
[SourceQuality "1"]

1. e4 Nc6 2. Nf3 e5 3. d4 exd4 4. Nxd4 Qh4 5. Nc3 Bb4 6. Qd3 Nxd4 7. Qxd4 Bxc3+ 8. bxc3 Nf6 9. e5 Qxd4 10. cxd4 Nd5 11. Ba3 b6 12. Be2 Bb7 13. Bf3 0-0-0 14. 0-0 Nc3 15. Bxb7+ Kxb7 16. Bb2 Nd5 17. c4 Nb4 18. Rfd1 d5 19. exd6 cxd6 20. a3 Na6 21. f3 d5 22. c5 bxc5 23. dxc5 f6 24. Bd4 Kc6 25. Kf2 Rhe8 26. Rac1 Nc7 27. Rd2 Rb8 28. Rd3 Nb5 29. Be3 Nc7 30. Bf4 Rb2+ 31. Rd2 Rxd2+ 32. Bxd2 Na6 33. Be3 Rb8 34. Rc3 Rb2+ 35. Kg3 g5 36. f4 h6 37. fxg5 hxg5 38. Bd4 f5 39. h3 Rb5 40. Bf6 Rxc5 41. Rxc5+ Nxc5 42. Bxg5 Ne4+ 43. Kf4 Nxg5 44. Kxg5 d4 45. Kf4 Kc5 46. Kf3 Kc4 47. Ke2 Kb3 48. Kd3 Kxa3 49. h4 Kb2 50. h5 a5 51. h6 a4 52. h7 a3 53. h8Q a2 54. Qxd4+ Kb1 55. Qb4+ Kc1 56. Qa3+ Kb1 57. Qxa2+ Kxa2 58. Ke3 Kb3 59. Kf4 Kc4 60. Kxf5 Kd5 61. g4 Kd6 62. Kf6 Kd7 63. Kf7 Kd6 64. g5 Ke5 65. g6 Kf5 66. g7 1-0

[Event "Eastern Asia-ch U12"]
[Site "Tornelo INT"]
[Date "2021.10.29"]
[Round "2"]
[White "Phan, Nguyen Thai Bao"]
[Black "Movahed, Sina"]
[Result "0-1"]
[WhiteElo "1291"]
[BlackElo "2022"]
[PlyCount "122"]
[EventDate "2021.10.29"]
[EventType "swiss"]
[EventRounds "9"]
[EventCountry "NET"]
[SourceTitle "EXT 2023"]
[Source "ChessBase"]
[SourceDate "2022.10.05"]
[SourceVersion "1"]
[SourceVersionDate "2022.10.05"]
[SourceQuality "1"]

1. e4 c5 2. Nf3 d6 3. d4 cxd4 4. Nxd4 Nf6 5. Nc3 g6 6. Be3 Bg7 7. h3 Nc6 8. Be2 0-0 9. Qd2 Nxd4 10. Bxd4 Be6 11. 0-0 Qa5 12. Bf3 Rac8 13. Rfe1 Rc4 14. Rad1 Nd7 15. Bxg7 Kxg7 16. Be2 Rc7 17. Qd4+ Nf6 18. a3 Rfc8 19. Bd3 Qc5 20. Nb5 Qxd4 21. Nxd4 Bc4 22. e5 dxe5 23. Rxe5 e6 24. Bxc4 Rxc4 25. c3 Nd5 26. Nb5 R4c5 27. Nd6 R8c6 28. Nxb7 Rb5 29. Nd8 Rc8 30. Re2 Rxd8 31. c4 Nc3 32. Red2 Rxd2 33. Rxd2 Nb1 34. Rc2 Rc5 35. f3 Kf8 36. Kf2 Re5 37. Re2 Rxe2+ 38. Kxe2 Ke7 39. Kd3 Kd6 40. Kc2 Nxa3+ 41. bxa3 e5 42. Kc3 Kc5 43. h4 f5 44. Kd3 a5 45. g4 h5 46. gxf5 gxf5 47. a4 Kb4 48. f4 exf4 49. Ke2 Kxa4 50. Kf3 Kb4 51. c5 Kxc5 52. Kxf4 a4 53. Kxf5 a3 54. Kg5 a2 55. Kxh5 a1Q 56. Kg6 Qh8 57. h5 Kd6 58. h6 Ke6 59. h7 Qf6+ 60. Kh5 Kf5 61. h8Q Qxh8# 0-1

[Event "VIE-ch U09"]
[Site "Hai Phong"]
[Date "2018.07.07"]
[Round "1"]
[White "Ha, Quoc Khanh"]
[Black "Phan, Nguyen Thai Bao"]
[Result "0-1"]
[WhiteElo "1930"]
[BlackElo "1956"]
[PlyCount "101"]
[EventDate "2018.07.07"]
[EventType "swiss"]
[EventRounds "9"]
[EventCountry "VIE"]
[SourceTitle "EXT 2019"]
[Source "ChessBase"]
[SourceDate "2018.10.10"]
[SourceVersion "1"]
[SourceVersionDate "2018.10.10"]
[SourceQuality "1"]

1. e4 e5 2. Nf3 d6 3. h3 Nf6 4. Nc3 Be6 5. Be2 Be7 6. 0-0 0-0 7. d3 Nc6 8. Be3 Qd7 9. Ng5 Rad8 10. Nxe6 fxe6 11. Nb5 a6 12. Nc3 d5 13. Bf3 d4 14. Bxd4 exd4 15. Ne2 e5 16. Ng3 Ne8 17. Bg4 Qd6 18. Nf5 Qf6 19. c3 Kh8 20. c4 Nd6 21. Nxd6 Qxd6 22. Bf5 g6 23. Bg4 b5 24. b3 bxc4 25. bxc4 Qa3 26. Be2 Bb4 27. Qc2 Bc3 28. Rab1 Nb4 29. Qb3 Qxa2 30. Qd1 c5 31. Rb3 Rb8 32. Qb1 Qxe2 33. Rd1 a5 34. Ra3 Nc2 35. Rb3 Rxb3 36. Qxb3 Qxd1+ 37. Kh2 Bb4 38. Qa2 Qxd3 39. Qb1 Qxe4 40. Qf1 Qf4+ 41. Kg1 Ne3 42. Qe2 Qxf2+ 43. Qxf2 Rxf2 44. Kxf2 Nxc4 45. Ke2 e4 46. Kd1 d3 47. Kc1 d2+ 48. Kc2 Ne3+ 49. Kb3 d1Q+ 50. Ka2 Qc2+ 51. Ka1 0-1